000 00735nam a2200241Ia 4500
003 OSt
005 20220923220813.0
006 a|||||r|||| 00| 0
007 ta
008 220922b |||||||| |||| 00| 0 hin d
024 _a190,617
037 _cTextual
040 _aARTS
_cARTS
_bhin
041 _2hin
_ahin
082 _aR6, 152L2
100 _aशास्त्री, मंगलदेव
245 0 _aजीवन ज्योति
246 _aJīvan jyoti
260 _c1972
490 _aभारतीय ज्ञानपीठ लोकोदय ग्रंथमाला; 326
942 _hR6, 152L2
_cTEXL
_2CC
999 _c343392
_d343392